| 000 | 01990cam a22003615a 4500 | ||
|---|---|---|---|
| 001 | 18934831 | ||
| 005 | 20160726125231.0 | ||
| 008 | 160113s2015 enk frb 001 0 eng d | ||
| 010 | _a 2016297048 | ||
| 020 | _a1849466912 | ||
| 020 | _a9781849466912 | ||
| 040 |
_aDLC _beng _cDLC _dEG-ScBUE |
||
| 042 | _apcc | ||
| 043 | _ae------- | ||
| 082 | 0 | 4 |
_a343.09944 _bTAN _222 |
| 100 | 1 |
_aTang, Zheng Sophia. _940454 |
|
| 245 | 1 | 0 |
_aElectronic consumer contracts in the conflict of laws / _cZheng Sophia Tang. |
| 250 | _a2nd ed. | ||
| 260 |
_aOxford ; _aPortland, Oregon : _bHart Oublishing Ltd, _c2015. |
||
| 300 |
_axlviii, 383 p. ; _c24 cm. |
||
| 490 | 0 |
_aStudies in private international law ; _vvol. 1 |
|
| 500 | _aIndex : p. 372-383. | ||
| 504 | _aIncludes bibliographical references. | ||
| 505 | _aElectronic consumer contracts in private international law -- Protective jurisdiction in the Brussels I recast -- Discretion-based jurisdiction in e-consumer contracts -- Choice of court agreements in e-consumer contracts -- Protective choice of law in the European Union -- Other choice of law approaches in e-consumer contracts : a comparative study -- Consumers in special contracts -- Recognition and enforcement of judgments -- Class actions in cross-border consumer contracts -- Alternative dispute resolution in cross-border consumer contracts -- Online dispute resolution in e-consumer contracts -- Effective and efficient dispute resolution for e-consumer contracts and conflict of laws. | ||
| 520 | _aThis book aims to provide an answer to the urgent requirement for legal certainty, security and justice in e-consumer contracts. | ||
| 650 | 7 |
_aElectronic contracts. _2BUEsh _940456 |
|
| 650 | 7 |
_aElectronic commerce _2BUEsh _xLaw and legislation. _940455 |
|
| 650 | 7 |
_aJurisdiction. _2BUEsh _940458 |
|
| 650 | 7 |
_aConsumer protection _2BUEsh _940457 _xLaw and legislation. |
|
| 651 | _2BUEsh | ||
| 653 |
_bLLAAWW _cJuly2016 |
||
| 942 |
_2ddc _e22 _k343.09944 TAN |
||
| 999 |
_c22032 _d22004 |
||